Caricamento...

Service Marketing People, Technology, Strategy

Dettagli Bibliografici
Autore principale: Christopher Lovelock
Altri autori: Jochen Wirtz, Jayanta Chatterjee
Natura: Printed Book
Lingua:English
Pubblicazione: Delhi Pearson 2010
Edizione:6th
Soggetti:
LEADER 00641nam a22002057a 4500
005 20160820112808.0
008 130527t xxu||||| |||| 00| 0 eng d
020 |a 978-81-317-2597-9 
082 |a 339.138  |b LOV 
100 |a Christopher Lovelock  |9 9530 
245 |a Service Marketing  |b People, Technology, Strategy 
250 |a 6th 
260 |a Delhi  |b Pearson  |c 2010 
300 |a xx, 637p 
653 |a Marketing 
700 |a Jochen Wirtz  |9 9531 
700 |a Jayanta Chatterjee  |9 9532 
942 |c BK  |6 _ 
999 |c 176875  |d 176875 
952 |0 0  |1 0  |2 ddc  |4 0  |6 339138_LOV  |7 0  |9 228826  |a DAE  |b DAE  |d 2013-05-27  |o 339.138 LOV  |p ECO12649  |r 2016-08-20  |w 2016-08-20  |y BK